| 000 | 01419nam a2200205Ia 4500 | ||
|---|---|---|---|
| 001 | b7005-50903 | ||
| 003 | IT-MiCISF | ||
| 008 | 161014s9999||||xx |||||||||||||| ||und|| | ||
| 040 |
_aIT-MiCISF _cIT-MiCISF |
||
| 041 | _ait | ||
| 100 | _aRossi Antonella Elena | ||
| 245 | 0 |
_aStella senza cielo _bCome accompagnare i figli nell'età inquieta |
|
| 250 | _a1a ed. | ||
| 260 |
_a S.Pietro in Cariano (VR) _bIl Segno dei Gabrielli _c2011 |
||
| 300 | _app. 104 | ||
| 500 | _a / adolescenza, rapporti-genitori-figli, educazione-familiare / In una famiglia il passaggio dei figli all'età adolescenziale segna l'inizio di una fase nuova in cui mutano in modo radicale gli equilibri. Per tutti è l'inizio di un nuovo viaggio alla scoperta di una rinnovata identità: se è scontato per i figli, i genitori sono chiamati a guardarsi dentro, a fare i conti con la propria vita interiore e la propria storia. Gli adulti sono invitati a interrogarsi sul proprio essere donna e uomo, sulla propria persona, per poter affrontare con maggior forza e stabilità emotiva il nuovo confronto con i figli in crescita. Il libro, quindi, offre la possibilità di un ponte tra due generazioni che si toccano e che cercano risposte: è un saggio-romanzo, il diario di una persona che ogni giorno lavora con genitori e adolescenti. | ||
| 650 |
_a Adolescenti e giovani / età-evolutiva _e009 |
||
| 942 | _cBK | ||
| 957 | _71 | ||
| 999 |
_a50903 _bsi _g1 _c209981 _d209981 |
||